000 00736nam a22001577a 4500
003 OSt
005 20150921153712.0
008 150921b xxu||||| |||| 00| 0 eng d
040 _cRUA
082 _aAGR LY 2010 BO43 Or.1
100 _91028
_aTY, SOVANARITH
245 _aWeedb control on cowpea in crop station at royal university of agriculture វិធានការកំចាត់រុក្ខជាតិចង្រៃលើដំណាំសណ្តែកអង្គុយ នៅស្ថានីយ៍ពិសុធន៍ដំំណាំនៃសាកលវិទ្យាល័យភូមិន្ធកសិកម្ម.
260 _aphnom phen
_bRUA
_c2010
300 _aXI,47p.
_bill.
_c29cm.
942 _2ddc
_cAGR
999 _c985
_d985